| 000 | 00000nam 2200000za 4500 |
| 001 | 9.822576 |
| 003 | CaOODSP |
| 005 | 20221107143717 |
| 007 | cr ||||||||||| |
| 008 | 160815s2007 qucabo o f000 0 fre d |
| 020 | |z978-0-662-49893-3 |
| 040 | |aCaOODSP|bfre |
| 043 | |an-cn--- |
| 086 | 1 |aR64-105/74-2007F-PDF|zR64-105/74-2007 |
| 110 | 2 |aParcs Canada. |
| 245 | 10|aLieux historiques nationaux du Canada du Fort-Espérance, du Fort-Pelly et du Fort-Livingstone |h[ressource électronique] : |bplan directeur. |
| 260 | |a[Gatineau, QC] : |bParcs Canada, |c[2007] |
| 300 | |a34 p. : |bill., cartes |
| 500 | |aPubl. aussi en anglais sous le titre : Fort Espérance, Fort Pelly, Fort Livingstone National Historic Sites of Canada: management plan. |
| 500 | |a« Juin 2006. » |
| 530 | |aÉgalement publ. en version imprimée. |
| 692 | 07|2gccst|aLieu historique |
| 692 | 07|2gccst|aGestion |
| 692 | 07|2gccst|aPlanification |
| 775 | 08|tFort Espérance, Fort Pelly, Fort Livingstone National Historic Sites of Canada |w(CaOODSP)9.822575 |
| 776 | 0#|tLieux historiques nationaux du Canada du Fort-Espérance, du Fort Pelly et du Fort Livingstone - plan directeur |w(CaOODSP)9.668464 |
| 856 | 40|qPDF|s3.28 Mo|uhttps://publications.gc.ca/collections/collection_2016/pc/R64-105-74-2007-fra.pdf |